000 00340nam a2200133Ia 4500
008 240624s9999 xx 000 0 und d
041 _aeng
082 _a650.144 MAR
100 _aMARTIN CAROLE
245 _aBOOST YOUR HIRING IQ
260 _c2008
_aNew Delhi
_bTata McGraw- Hill
300 _axii, : 163 : p. : cm. ; 22
365 _cRS
_b30
999 _c19029
_d19029